|
|
|
|
| LEADER |
01057cam a2200301 a 4500 |
| 001 |
c000173800 |
| 003 |
CARM |
| 005 |
20041001151822.0 |
| 008 |
960403s1996 caua 001 0 eng d |
| 010 |
|
|
|a 95072851
|
| 019 |
1 |
|
|a 12352833
|5 LACONCORD2021
|
| 020 |
|
|
|a 0782118755 (pbk.) :
|c $19.99
|
| 035 |
|
|
|a (OCoLC)34428200
|5 LACONCORD2021
|
| 040 |
|
|
|a OCo
|b eng
|c OCo
|d DLC
|d LC
|
| 042 |
|
|
|a lccopycat
|
| 050 |
0 |
0 |
|a HF5548.4.M523
|b W457 1996
|
| 082 |
0 |
0 |
|a 005.369
|2 20
|
| 100 |
1 |
|
|a Weisskopf, Gene.
|
| 245 |
1 |
4 |
|a The ABCs of Excel for Windows 95 /
|c Gene Weisskopf.
|
| 260 |
|
|
|a San Francisco :
|b SYBEX,
|c c1996.
|
| 300 |
|
|
|a xxii, 343 p. :
|b ill. ;
|c 23 cm.
|
| 500 |
|
|
|a Includes index.
|
| 630 |
0 |
0 |
|a Microsoft Excel (Computer file)
|
| 650 |
|
0 |
|a Business
|x Computer programs.
|
| 650 |
|
0 |
|a Electronic spreadsheets.
|
| 852 |
8 |
|
|b CARM
|h A2:AN12F0
|i C06210
|p 0244265
|f BK
|
| 999 |
f |
f |
|i 6133446b-b74f-5554-9cf4-5d1bed5333cb
|s 8965695d-7b57-5317-9c8f-e2e90cbe780c
|
| 952 |
f |
f |
|p Can circulate
|a CAVAL
|b CAVAL
|c CAVAL
|d CARM 1 Store
|e C06210
|f A2:AN12F0
|h Other scheme
|i book
|m 0244265
|